书目信息 |
| 题名: |
电镀废水处理技术与工艺研究
|
|
| 作者: | 王宏杰 , 赵子龙 主编 | |
| 分册: | ||
| 出版信息: | 北京 中国建筑工业出版社 2021.11 |
|
| 页数: | 127页 | |
| 开本: | 26cm | |
| 丛书名: | 市政与环境工程系列丛书 | |
| 单 册: | ||
| 中图分类: | X781.103 | |
| 科图分类: | ||
| 主题词: | 电镀--dian du--废水处理--研究 | |
| 电子资源: | ||
| ISBN: | 978-7-112-26469-8 | |
| 000 | 01297nam 2200265 450 | |
| 001 | 25941 | |
| 005 | 20220919174457.89 | |
| 010 | @a978-7-112-26469-8@dCNY40.00 | |
| 100 | @a20220110d2021 em y0chiy50 ea | |
| 101 | 0 | @achi |
| 102 | @aCN@b110000 | |
| 105 | @aa a 000yy | |
| 200 | 1 | @a电镀废水处理技术与工艺研究@Adian du fei shui chu li ji shu yu gong yi yan jiu@f主编王宏杰, 赵子龙 |
| 210 | @a北京@c中国建筑工业出版社@d2021.11 | |
| 215 | @a127页@c图@d26cm | |
| 225 | 2 | @a市政与环境工程系列丛书@Ashi zheng yu huan jing gong cheng xi lie cong shu |
| 320 | @a有书目 (第124-127页) | |
| 330 | @a本书系统概述了电镀行业发展及管理体系, 指明了行业废水处理面临的问题及综合防治方向 ; 结合废水来源、组成、特性及分类, 重点介绍了电镀废水 (或废液) 一级物化处理、二级生化处理及三级回用或深度处理技术 ; 同时, 针对哈尔滨工业大学 (深圳) 国家水专项研究基地在电镀废水高级氧化领域的最新研究成果进行汇编, 详细阐述了包括O3/H2O2-Fe2+、微波/H2O2、非均相催化、电芬顿及靶向吸附等在内的多项新型处理技术, 以期服务于电镀废水高标准达标排放。 | |
| 410 | 0 | @12001 @a市政与环境工程系列丛书 |
| 606 | 0 | @a电镀@Adian du@x废水处理@x研究 |
| 690 | @aX781.103@v5 | |
| 701 | 0 | @a王宏杰@Awang hong jie@4主编 |
| 701 | 0 | @a赵子龙@Azhao zi long@4主编 |
| 801 | 0 | @aCN@c20220910 |
| 905 | @a河南城建学院图书馆@dX781.103@eW200@f1 | |
| 电镀废水处理技术与工艺研究/主编王宏杰, 赵子龙.-北京:中国建筑工业出版社,2021.11 |
| 127页:图;26cm.-(市政与环境工程系列丛书) |
| ISBN 978-7-112-26469-8:CNY40.00 |
| 本书系统概述了电镀行业发展及管理体系, 指明了行业废水处理面临的问题及综合防治方向 ; 结合废水来源、组成、特性及分类, 重点介绍了电镀废水 (或废液) 一级物化处理、二级生化处理及三级回用或深度处理技术 ; 同时, 针对哈尔滨工业大学 (深圳) 国家水专项研究基地在电镀废水高级氧化领域的最新研究成果进行汇编, 详细阐述了包括O3/H2O2-Fe2+、微波/H2O2、非均相催化、电芬顿及靶向吸附等在内的多项新型处理技术, 以期服务于电镀废水高标准达标排放。 |
| ● |
| 相关链接 |
|
|
|
正题名:电镀废水处理技术与工艺研究
索取号:X781.103/W200
 
预约/预借
| 序号 | 登录号 | 条形码 | 馆藏地/架位号 | 状态 | 备注 |
| 1 | 1576796 | 215767962 | 自科库501/501自科库 110排2列3层/ [索取号:X781.103/W200] | 在馆 |